Islamic Spirituality: (Record no. 542286)

000 -LEADER
fixed length control field 00488nam a2200169Ia 4500
020 ## - INTERNATIONAL STANDARD BOOK NUMBER
International Standard Book Number 0710210973(hb)
082 ## - DEWEY DECIMAL CLASSIFICATION NUMBER
Classification number 297.4
Author Mark NAS
-- L31,P-197
245 ## - TITLE STATEMENT
Title Islamic Spirituality:
Remainder of title foundations.
260 ## - PUBLICATION, DISTRIBUTION, ETC.
Place of publication, distribution, etc. London:
Name of publisher, distributor, etc. Routledge and Kegan Paul,
Date of publication, distribution, etc. 1987.
300 ## - PHYSICAL DESCRIPTION
Extent 450p.
526 ## - STUDY PROGRAM INFORMATION NOTE
Program name 0
Interest level 0
Reading level 0
Title point value 297_400000000000000_NAS
650 ## - SUBJECT ADDED ENTRY--TOPICAL TERM
Topical term or geographic name entry element MCE
9 (RLIN) 379
650 ## - SUBJECT ADDED ENTRY--TOPICAL TERM
Topical term or geographic name entry element Mysticism -- Islam.
9 (RLIN) 37375
650 ## - SUBJECT ADDED ENTRY--TOPICAL TERM
Topical term or geographic name entry element Spirituality.
9 (RLIN) 37419
700 ## - ADDED ENTRY--PERSONAL NAME
Personal name Hossein Nasr, Seyyed. (ed.).
9 (RLIN) 37420
942 ## - ADDED ENTRY ELEMENTS (KOHA)
Source of classification or shelving scheme
Koha item type Book
Holdings
Withdrawn status Lost status Source of classification or shelving scheme Damaged status Not for loan Permanent Location Current Location Date acquired Total Checkouts Full call number Barcode Date last seen Price effective from Koha item type
          Military College of Engineering (MCE) Military College of Engineering (MCE) 10/01/2013   297.4 NAS MCE-25733 10/01/2013 10/01/2013 Book
© 2023 Central Library, National University of Sciences and Technology. All Rights Reserved.